[Event "Oviedo op 8th"]
[Site "Oviedo"]
[Date "2022.07.21"]
[Round "7"]
[White "Prochaieva, Yelyzaveta"]
[Black "Zorrilla Sainz, Isaac"]
[Result "0-1"]
[WhiteElo "1466"]
[BlackElo "1265"]
[PlyCount "56"]
[EventDate "2022.07.17"]
[EventType "swiss"]
[EventRounds "9"]
[EventCountry "ESP"]
[SourceTitle "CBM 209 Extra"]
[Source "ChessBase"]
[SourceDate "2022.09.30"]
[SourceVersion "1"]
[SourceVersionDate "2022.09.30"]
[SourceQuality "1"]

1. d4 Nf6 2. Nf3 g6 3. c4 Bg7 4. Nc3 d5 5. e3 0-0 6. cxd5 Nxd5 7. Nxd5 Qxd5 8. h3 Rd8 9. Qc2 Bf5 10. Qxc7 Nc6 11. Qh2 Nb4 12. Kd1 Bc2+ 13. Ke1 Be4 14. Kd1 e5 15. Nd2 exd4 16. Bc4 Qd7 17. Nxe4 dxe3+ 18. Ke2 Qf5 19. f3 Rac8 20. Bb3 Qb5+ 21. Ke1 Nd3+ 22. Kf1 Nxc1+ 23. Kg1 Ne2+ 24. Kf1 Rc1+ 25. Rxc1 Nxc1+ 26. Kg1 Ne2+ 27. Kf1 Ng3+ 28. Kg1 Qf1# 0-1